History Quiz

Random History or Clickable Quiz

US History Figures Match-Up Quiz Stats

Quiz Updated Aug 10, 2015

Challenge
Share
Tweet
Score 0/40 Timer 05:00
0 Plays Today
% Correct
Walt
98.3%
Amelia
97.6%
Malcolm
97.6%
Ernest
97.5%
Buzz
96.9%
Eleanor
96.3%
Grover
94.4%
Condoleezza
94.4%
Helen
93.9%
Henry
92.4%
Harriet
92%
Charles
90.5%
Duke
90%
Maya
89.8%
Wilbur
87.6%
Alexander
86.7%
Cesar
86.5%
Millard
85.6%
Georgia
85%
Jesse
84.7%
% Correct
Brigham
83.2%
Eli
82.2%
Frederick
81.7%
Sojourner
77.3%
Meriwether
74.4%
Langston
73.6%
Jonas
72.5%
J. Robert
71.5%
Enrico
65.2%
Noah
62.2%
Elizabeth Cady
58.7%
Earl
56.1%
Betty
54.4%
Horace
52.7%
Horatio
52.4%
Samuel
45.9%
Louis
38.7%
Dolores
29.7%
Homer
29.6%
Cordell
29.2%

You're not logged in!

Compare scores with friends on all Sporcle quizzes.
Sign Up with Email
OR
Log In

You Might Also Like...

Show Comments

Extras

Top Quizzes Today


Score Distribution

Your Account Isn't Verified!

In order to create a playlist on Sporcle, you need to verify the email address you used during registration. Go to your Sporcle Settings to finish the process.